书目信息 |
| 题名: |
棚车少年
|
|
| 作者: | 华娜 著 ;钱慧琳 译 | |
| 分册: | 4 神秘农场 | |
| 出版信息: | 长沙 湖南少年儿童出版社 2021.12 |
|
| 页数: | 177页 | |
| 开本: | 21cm | |
| 丛书名: | 棚车少年 | |
| 单 册: | ||
| 中图分类: | H319.4:I712.84 , H319.4:I | |
| 科图分类: | ||
| 主题词: | 儿童小说--er tong xiao shuo--中篇小说--美国--现代--英语--汉语--对照读物 | |
| 电子资源: | ||
| ISBN: | 978-7-5562-6008-9 | |
| 000 | 01391nam 2200325 450 | |
| 001 | 29308 | |
| 005 | 20221017133004.50 | |
| 010 | @a978-7-5562-6008-9@dCNY24.80 | |
| 100 | @a20220308d2021 cemy0chiy50 ea | |
| 101 | 1 | @achi@aeng@ceng |
| 102 | @aCN@b430000 | |
| 105 | @aa z 000ay | |
| 200 | 1 | @a棚车少年@Apeng che shao nian@h4@d= The boxcar children@h4@i神秘农场@f(美) 钱德勒·华娜著@g钱慧琳译@zeng |
| 210 | @a长沙@c湖南少年儿童出版社@d2021.12 | |
| 215 | @a177页@c图@d21cm | |
| 225 | 2 | @a棚车少年@Apeng che shao nian@h第一辑 |
| 300 | @a小博集 中英双语 | |
| 312 | @a原文其他题名取自版权页 | |
| 330 | @a随着“砰”的一声门响, 奥尔登家四个孩子激动人心的暑期生活就此开始。他们和爷爷一起生活在一栋大房子里, 过着寻常而太平的日子。叔叔乔和他的新婚妻子艾丽斯去了欧洲。一切似乎都很平静, 直到一天下午, 门被“砰”的一声撞开了。进来的是奥尔登先生。本尼说: “爷爷! ”“嗯。”奥尔登先生回应道…… | |
| 410 | 0 | @12001 @a棚车少年@h第一辑 |
| 500 | 10 | @aThe boxcar children@h4@iMystery ranch@mChinese |
| 517 | 1 | @a神秘农场@Ashen mi nong chang |
| 606 | 0 | @a儿童小说@Aer tong xiao shuo@x中篇小说@y美国@z现代@x英语@x汉语@j对照读物 |
| 690 | @aH319.4:I712.84@v5 | |
| 690 | @aH319.4:I@v4 | |
| 701 | 1 | @a华娜@Ahua na@g(Warner, Gertrude Chandler),@f1890-1979@4著 |
| 702 | 0 | @a钱慧琳@Aqian hui lin@4译 |
| 801 | 0 | @aCN@c20220910 |
| 905 | @aZZSFXY@dH319.4:I@eH682:4@f3 | |
| 962 | @a7337684 | |
| 棚车少年.4= The boxcar children.4.神秘农场/(美) 钱德勒·华娜著/钱慧琳译.-长沙:湖南少年儿童出版社,2021.12 |
| 177页:图;21cm.-(棚车少年.第一辑) |
| 小博集 中英双语 |
| ISBN 978-7-5562-6008-9:CNY24.80 |
| 随着“砰”的一声门响, 奥尔登家四个孩子激动人心的暑期生活就此开始。他们和爷爷一起生活在一栋大房子里, 过着寻常而太平的日子。叔叔乔和他的新婚妻子艾丽斯去了欧洲。一切似乎都很平静, 直到一天下午, 门被“砰”的一声撞开了。进来的是奥尔登先生。本尼说: “爷爷! ”“嗯。”奥尔登先生回应道…… |
| ● |
| 相关链接 |
|
|
|
正题名:棚车少年
索取号:H319.4:I/H682:4
 
预约/预借
| 序号 | 登录号 | 条形码 | 馆藏地/架位号 | 状态 | 备注 |
| 1 | 1582811 | 215828111 | 语言库209/209语言库 53排4列4层/ [索取号:H319.4:I/H682:4] | 在馆 | |
| 2 | 1582812 | 215828120 | 语言库209/209语言库 53排4列4层/ [索取号:H319.4:I/H682:4] | 在馆 | |
| 3 | 1582813 | 215828139 | 语言库209/209语言库 53排4列4层/ [索取号:H319.4:I/H682:4] | 在馆 |